| 000 | 00650cam a2200205 4500500 | ||
|---|---|---|---|
| 005 | 20260405002227.0 | ||
| 041 | _afre | ||
| 042 | _adc | ||
| 100 | 1 | 0 |
_aPortevin, Catherine _eauthor |
| 245 | 0 | 0 | _aMarcel Conche: “La philosophie m’a retenu de me précipiter dans le délire amoureux” |
| 260 | _c2016. | ||
| 500 | _a29 | ||
| 690 | _aFolie | ||
| 690 | _aMarcel Conche | ||
| 690 | _aphilo | ||
| 690 | _aphilosophie | ||
| 690 | _aSagesse | ||
| 786 | 0 | _nPhilosophie magazine | 100 | 6 | 2016-06-01 | p. 25-25 | 1951-1787 | |
| 856 | 4 | 1 | _uhttps://shs.cairn.info/magazine-philosophie-magazine-2016-6-page-25?lang=fr&redirect-ssocas=7080 |
| 999 |
_c2055588 _d2055588 |
||